HISTORIA DE LA DEUDA EXTERIOR DE MEXICO: 1823-1946/
BIBLIOGRAFIA: (P. 238-246)
Sábháilte in:
| Príomhchruthaitheoir: | |
|---|---|
| Formáid: | LEABHAR |
| Eagrán: | 2a edición |
| Sraith: | CENTRO DE ESTUDIOS HISTORICOS;
3 |
| Ábhair: | |
| Clibeanna: |
Níl clibeanna ann, Bí ar an gcéad duine le clib a chur leis an taifead seo!
|
MARC
| LEADER | 00000nam^a2200000^a^4500 | ||
|---|---|---|---|
| 001 | 000224695 | ||
| 005 | 20250521000000.0 | ||
| 009 | 20260310104058.932 | ||
| 020 | |a 968-12-0091-8 | ||
| 035 | |a 043767 | ||
| 037 | |a Acervo Xavier Clavigero | ||
| 082 | |a 336. 340972 |b BAZ | ||
| 100 | |a Bazant, Jan |e (autor) | ||
| 245 | 1 | 0 | |a HISTORIA DE LA DEUDA EXTERIOR DE MEXICO: |b 1823-1946/ |c JAN BAZANT |
| 250 | |a 2a edición | ||
| 264 | |a MEXICO : |b EL COLEGIO DE MEXICO, |c 1981 | ||
| 300 | |a 285p. | ||
| 336 | |a texto |b txt |2 rdacontenido | ||
| 337 | |a sin mediación |b n |2 rdamedio | ||
| 338 | |a volumen |b nc |2 rdasoporte | ||
| 440 | |a CENTRO DE ESTUDIOS HISTORICOS; |v 3 | ||
| 520 | |a BIBLIOGRAFIA: (P. 238-246) | ||
| 649 | |a XX | ||
| 650 | |a Deuda Externa - |z México | ||
| 910 | |a Fondo General | ||
| 920 | |a Impresos - Libros | ||
| 930 | |a Colección General | ||
| 905 | |a 101 | ||
| 901 | |a 043767 |b IT1 |c ACC |i 043767 |u 20250521 | ||
| 902 | |a https://opac.biblio.iteso.mx/vufind/Record/000224695 | ||